LEADER 01001nam0-2200313 --450 001 9910359760203321 005 20200109093503.0 010 $a978-88-6833-765-0 020 $aIT$b2018-7951 100 $a20200109d2018----kmuy0itay5050 ba 101 0 $aita 102 $aIT 105 $a c 105 $a 001yy 200 1 $a<>strategia della tensione$eservizi segreti, partiti, golpe falliti, terrore fascista, politica internazionale$eun bilancio complessivo$fAldo Giannuli 210 $a[Milano]$cPonte alle Grazie$d2018 215 $a618 p.$d21 cm 225 1 $aInchieste$v45 610 0 $aPolitica$aItalia$a1960-1975 610 0 $aItalia$aServizi segreti$a1960-1975 676 $a320.945$v23$zita 700 1$aGiannuli,$bAldo$f<1952- >$0330273 801 0$aIT$bUNINA$gREICAT$2UNIMARC 901 $aBK 912 $a9910359760203321 952 $aCOLLEZ. 2584 (45)$b1344/2019$fFSPBC 959 $aFSPBC 996 $aStrategia della tensione$91569910 997 $aUNINA